000 00265nam a2200097Ia 4500
001 698692
005 20250826162056.0
008 250824s9999 xx 000 0 und d
245 0 _aÖLÜ CANLAR (ANTİK OKUL KLASİKLERİ)
_cGOGOL
260 _bANTİK DÜNYA KLASİKLERİ
999 _c698692
_d698692